000 00299nam a22001217a 4500
999 _c5094
_d5094
008 250528b ||||| |||| 00| 0 eng d
020 _a9781534493766
082 _a823.92 ROB
100 _aRobinson, Christian
_eAUTHOR
245 _aYou Matter
260 _bSIMON & SCHUSTER, INC.
_c2020
942 _2ddc